MDQL
is popping MORE tags! Check the
thread
!
Quizzes
Events
Quiz Creation
Community
Videos
Private Events
Remove Ads
Sign In
Join for FREE
Feedback
Dark Mode
Quiz Categories
Sports
Geography
Music
Movies
Television
Just For Fun
Miscellaneous
History
Literature
Language
Science
Gaming
Entertainment
Religion
Holiday
For Kids
Quiz Lab
Recent
Popular Today
Quiz Kudos Today
Editor Picks
Curator Picks
Quizzes by...
Day
Popularity
Type
Ratings
Length
Year
Community
Subscriptions
Recent Discussions
Orange Saloon
Badges
Playlists
Quests
Create
Leaderboards
Showdown
Live 5
Trivia Bingo
Activity
Puzzle Library
Sporcle Events
Private Events
Virtual Trivia
Globe League
Become a Host
Pub Owners
SporcleCon
Opinionation
Our Games
Videos
Blog
Mobile Apps
Partnerships
Remove Ads and Go Orange
Feedback
Sports
Athletes
MLB
NBA
NHL
NFL
Soccer
Sports Teams
WWE
NCAA
Football
Premier League
Basketball
Baseball
Hockey
Golf
Tennis
Cricket
Rugby
Auto Racing
Olympics
World Cup
Sports
Athletes
MLB
NBA
NHL
NFL
Soccer
Sports Teams
WWE
NCAA
Football
Premier League
Basketball
Baseball
Hockey
Golf
Tennis
Cricket
Rugby
Auto Racing
Olympics
World Cup
Random Quiz
Search Sporcle
×
Featured
Featured
Sports
Basketball
Type in answers that appear in a list
Type in answers that appear in a list
Classic
Best Score? Go Orange.
NBA 1500+ Point Seasons (2010s) Stats
Can you name the players who scored more than 1500 points in any season of the 2010s?
By
Joshie_the_great
10m
68 Questions
57.9K Plays
57,934 Plays
57,934 Plays
Comments
Comments
Give Quiz Kudos
Give Quiz Kudos
-
- Ratings
hide this ad
More Info
Replay
Link that replays current quiz
Next Quiz
Link to next quiz in quiz playlist
You Got
0%
They Got
Avg Score
68%
Avg Friend Score
Upgrade to see
Score Distribution
Jump to the score distribution portion of the page
Score
0/68
Timer
10:00
3
Plays Today
# Seasons
Player
% Correct
10
LeBron James
99.7%
9
Kevin Durant
98.5%
7
James Harden
98.2%
8
Russell Westbrook
97.8%
6
Stephen Curry
97.5%
1
David West
96.8%
7
Damian Lillard
96.4%
6
Carmelo Anthony
94.8%
4
Klay Thompson
93%
4
Kobe Bryant
92.8%
3
Kawhi Leonard
91.3%
5
Paul George
91.3%
5
DeMar DeRozan
90.7%
3
Anthony Davis
90.5%
6
LaMarcus Aldridge
89.2%
3
John Wall
88.8%
3
Kyrie Irving
88.5%
3
Bradley Beal
87.8%
3
Dirk Nowitzki
87.6%
3
Giannis Antetokounmpo
87.1%
3
Blake Griffin
87%
4
Karl-Anthony Towns
86.5%
4
Kemba Walker
83.6%
2
Dwyane Wade
82%
2
Devin Booker
81.9%
2
Derrick Rose
81.7%
3
DeMarcus Cousins
81.7%
1
Pau Gasol
78.5%
3
CJ McCollum
78.1%
1
Chris Paul
77.9%
2
Dwight Howard
76.1%
2
Donovan Mitchell
76%
1
Lou Williams
70.7%
1
Luka Doncic
70.5%
# Seasons
Player
% Correct
1
Kyle Lowry
69%
4
Brook Lopez
67.9%
2
Andrew Wiggins
67.6%
1
Paul Pierce
67.5%
2
Isaiah Thomas
67.1%
1
Joel Embiid
64.2%
5
Monta Ellis
64.2%
1
Trae Young
63.6%
2
Gordon Hayward
63.3%
1
Jimmy Butler
62.1%
2
Zach Randolph
61.3%
2
Amar'e Stoudemire
61.1%
1
Kevin Love
60%
1
Victor Oladipo
56.3%
1
Chris Bosh
55.8%
1
Nikola Jokic
55.6%
1
Khris Middleton
55.4%
1
Jrue Holiday
53%
1
Nikola Vucevic
51.9%
1
Joe Johnson
51.7%
1
D'Angelo Russell
47.5%
1
Tobias Harris
43.1%
2
Al Jefferson
37.9%
1
Rudy Gay
34.9%
1
Danny Granger
34.2%
1
Buddy Hield
33.7%
1
Harrison Barnes
33%
1
Stephen Jackson
32.2%
1
Carlos Boozer
29.7%
1
Julius Randle
27.5%
1
Goran Dragic
27.3%
1
David Lee
27%
1
Kevin Martin
21.1%
1
Aaron Brooks
11.9%
Quiz Playlist
Details
Report
Send in Message
Add To Playlist
More Info:
Seasons 2009-2010 through 2018-19.
Classic:
Type in answers that appear in a list
Quiz Source
Last Updated: Jan 4, 2020
Featured
Quiz Scoreboard
CHALLENGE
Sign Up to Join the Scoreboard
Show All
Scores
Hide
Comments
May contain spoilers
Recently Published
Street Fighter Characters
by Artimus82
Gaming
60s
9x9 Crossword: Cartoon Network
by jackfrog10
Miscellaneous
3m
College Basketball Coaching Resumes
by pancakes188
Sports
9m
More to Explore
Quiz From the Vault
Featured Blog Post
Where Did the Easter Bunny Come From?
hide this ad
You Might Also Like...
Tags
Basketball Quiz
NBA Quiz
1500
2010s
Points Leaders
Scoring Leaders
Statistical Leaders
Today's Top Quizzes in Sports
Browse Sports
hide this ad
Today's Top Quizzes in Basketball
Browse Basketball
Top Contributed Quizzes in Sports
1
2022 World Cup Stars
2
Les meilleurs buteurs des matchs entre le PSG et l’OM
3
FIFA Club World Cup Champions
4
Les entraîneurs de l'OM et du PSG au 21e siècle
5
Criteria MLB: Left Handed Sluggers
6
2023 MLB Unique Player Accomplishments
7
AFC Teams Reveal (Wrong Answers Minefield)
8
Players with Multiple 50 Home Run Seasons
9
5-to-1: FBS Animal Nicknames
10
5-to-1: UK Sports Teams
Explore More
Trending Topics
Harry Potter
Kpop
Marvel
Disney
Anime
Crossword
NBA
WWE
Soccer
Country
The Office
Song
Puzzle
NFL
Pokémon
hide this ad
More By:
Joshie_the_great
Quiz
Plays
Rating
Category
Featured
Created
Super Bowl Teams of the 2010s
224,302
3.37
Sports
Mar 26, 2019
Secret State
200,158
4.59
Geography
Oct 24, 2019
South American Countries - No Outlines Minefield
195,226
4.44
Geography
Feb 16, 2016
NBA MVP Voting (2010s)
176,606
4.88
Sports
Oct 7, 2019
NBA 50 Point Games (2010s)
150,176
4.88
Sports
Apr 15, 2019
Go to Creator's Profile
Score Distribution
Quiz Creator Spotlight
Joshie_the_great
Follow
Send a Message
Quizzes Created
-
Created Quiz Play Count
-
More By This Creator
Popular Quizzes Today
1
Find the US States - No Outlines Minefield
2
Find the Countries of Europe - No Outlines Minefield
3
The Countries of the World
4
Find the US States
5
Risky Map Clicking: Biggest States A-Z
6
US States
7
Popular People in 1961
8
Movies - When Are They Set?
More Sports Quizzes
Current NFL Stadiums
Quiz Lab
Trending Quizzes
Risky Map Clicking: Least Populous States A-Z
1-10 Letter G Words
Risky Map Clicking: Next State Alphabetically
Adjectives in 80s TV Shows
The Seven Year Switch: Catherine
Recently Updated
Leaping Animals
pecheneg
Reality TV Shows (A-Z)
bhenderson79
Rickey Henderson's Hall of Fame Teammates
pecheneg
Champions League XIs: Arsenal
pecheneg
Quick Pick: Celebrities in WWE's Hall of Fame
aduchscher
A-Z Keypad Blitz II
pecheneg
Multiple Oscar Actors
pecheneg
Mystery Phrase Blitz: Oscar 'Best Actors'
pecheneg
F. Scott Fitzgerald Novels
LTH
Pick 3 Villains
ddd62291
Trending Topics
Marvel
NBA
Kpop
Crossword
Harry Potter
Anime
Disney
NFL
Puzzle
Song
The Office
Soccer
Country
WWE
Pokémon
Your Account Isn't Verified!
In order to create a playlist on Sporcle, you need to verify the email address you used during registration. Go to your
Sporcle Settings
to finish the process.
Report this User
Report this user for behavior that violates our
Community Guidelines
.
Details:
Send Report
Go to the Sporcle.com Mobile Site →
Comments